header

Africa development indicators. (Record no. 16992)

MARC details
000 -LEADER
fixed length control field 01317nam a2200313Ia 4500
245 00 - TITLE STATEMENT
Title Africa development indicators.
260 ## - PUBLICATION, DISTRIBUTION, ETC. (IMPRINT)
Place of publication Washington, D.C. :
Name of publisher World Bank,
Year of publication c2009.
300 ## - PHYSICAL DESCRIPTION
Number of Pages vii, 206 p. :
Other physical details ill., map.
490 0# - SERIES STATEMENT
Series statement Africa development indicators ;
650 #0 - SUBJECT ADDED ENTRY--TOPICAL TERM
Topical Term Youth
Topical Term Economic indicators
Topical Term Social indicators
856 40 - ELECTRONIC LOCATION AND ACCESS
Uniform Resource Identifier http://site.ebrary.com/lib/rucke/Doc?id=10285627

No items available.

© 2026 Rongo University
Contact us: librarian | system librarian | Rongo university